5 największych miast w których używa się danego języka słowiańskiego - Statystyki

Ogólne statystyki
  • Ten quiz został rozwiązany 202 razy
  • Średni wynik to 38 z 90
Statystyki odpowiedzi
Język Miasto Ludność % Poprawnych
беларуская мова, biełaruskaja mowa (Białoruski) Мінск 1877604
99%
čeština (Czeski) Praha 1308632
91%
български език, byłgarski ezik (Bułgarski) Sofiya 1241675
89%
bosanski jezik (Bośniacki) Sarajevo 395133
86%
Polski Warszawa 1861644
86%
українська мова, ukrajinśka mowa (Ukraiński) Київ 2950800
82%
Polski Kraków 769498
82%
Kaszëbsczi (Kaszubski) Gduńsk 486022
81%
čeština (Czeski) Ostrava 289128
80%
Ślůnsko godka (Śląski) Uostrawa 284765 (Czechy)
80%
Polski Wrocław 674132
80%
Polski Poznań 540146
79%
srpski jezik (Serbski) Belgrade 1166763
78%
čeština (Czeski) Brno 380681
78%
Polski Łódź 655279
78%
беларуская мова, biełaruskaja mowa (Białoruski) Гродна 373547
77%
русский язык, russkij jazyk (Rosyjski) Москва 12200000
77%
crnogorski jezik (Czarnogórski) Podgorica 200000
76%
Kaszëbsczi (Kaszubski) Gdiniô 245222
74%
македонски јазик (Macedoński) Skopje 544086
74%
slovenčina (Słowacki) Bratislava 432801
73%
Ślůnsko godka (Śląski) Katowicy 279119
71%
русский язык, russkij jazyk (Rosyjski) Санкт-Петербург 5351935
70%
українська мова, ukrajinśka mowa (Ukraiński) Харків 1433474
68%
slovenščina (Słoweński) Ljubljana 280310
67%
български език, byłgarski ezik (Bułgarski) Varna 336505
67%
українська мова, ukrajinśka mowa (Ukraiński) Донецьк 955041
63%
hrvatski jezik (Chorwacki) Split 178192
63%
українська мова, ukrajinśka mowa (Ukraiński) Одеса 1004409
60%
Ślůnsko godka (Śląski) Glywicy 170457
58%
slovenčina (Słowacki) Košice 240688
58%
Ślůnsko godka (Śląski) Zobrze 154642
58%
čeština (Czeski) Plzeň 172441
51%
hrvatski jezik (Chorwacki) Zagreb 802338
51%
Kaszëbsczi (Kaszubski) Wejrowò 47357
50%
беларуская мова, biełaruskaja mowa (Białoruski) Гомель 535229
48%
Kaszëbsczi (Kaszubski) Stołpskò 85580
47%
hornjoserbšćina (Górnołużycki) Zhorjelc 54193 (Niemcy)
47%
hornjoserbšćina (Górnołużycki) Zhorjelc 31716 (Polska)
47%
čeština (Czeski) Liberec 104445
44%
bosanski jezik (Bośniacki) Mostar 66900
42%
беларуская мова, biełaruskaja mowa (Białoruski) Віцебск 378459
41%
Ślůnsko godka (Śląski) Bytōm 148687
41%
български език, byłgarski ezik (Bułgarski) Plovdiv 346893
41%
Kaszëbsczi (Kaszubski) Rëmiô 51879
41%
hrvatski jezik (Chorwacki) Rijeka 128624
39%
srpski jezik (Serbski) Banja Luka 135059 (Bośnia)
36%
slovenščina (Słoweński) Maribor 94876
36%
български език, byłgarski ezik (Bułgarski) Burgas 202694
35%
dolnoserbšćina (Dolnołużycki) Chóśebuz 101036 (Niemcy)
34%
русский язык, russkij jazyk (Rosyjski) Нижний Новгород 1259013
32%
русский язык, russkij jazyk (Rosyjski) Новосибирск 1603000
30%
srpski jezik (Serbski) Niš 260237
30%
hrvatski jezik (Chorwacki) Zadar 75062
28%
беларуская мова, biełaruskaja mowa (Białoruski) Магілёў 380440
27%
crnogorski jezik (Czarnogórski) Bar 17649
27%
русский язык, russkij jazyk (Rosyjski) Екатеринбург 1456000
26%
hrvatski jezik (Chorwacki) Osijek 108048
26%
slovenčina (Słowacki) Prešov 91638
25%
srpski jezik (Serbski) Novi Sad 277522
24%
slovenščina (Słoweński) Koper 24996
22%
slovenščina (Słoweński) Celje 38079
21%
українська мова, ukrajinśka mowa (Ukraiński) Дніпро 996520
20%
slovenčina (Słowacki) Banská Bystrica 79775
20%
hornjoserbšćina (Górnołużycki) Budyšin 39475 (Niemcy)
19%
dolnoserbšćina (Dolnołużycki) Žarow 38932 (Polska)
19%
slovenčina (Słowacki) Žilina 81515
19%
Русиньскый язык (Rusiński) Санок 38397 (Polska)
17%
Русиньскый язык (Rusiński) Унґгородъ 117317 (Ukraina)
16%
български език, byłgarski ezik (Bułgarski) Ruse 149642
15%
crnogorski jezik (Czarnogórski) Nikšić 56970
13%
bosanski jezik (Bośniacki) Tuzla 110979
12%
hornjoserbšćina (Górnołużycki) Žitawa 25792 (Niemcy)
12%
македонски јазик (Macedoński) Bitola 74550
11%
bosanski jezik (Bośniacki) Zenica 110663
11%
srpski jezik (Serbski) Kragujevac 150835
9%
slovenščina (Słoweński) Kranj 37553
8%
македонски јазик (Macedoński) Kumanovo 70842
8%
Русиньскый язык (Rusiński) Мукачів 82346 (Ukraina)
7%
bosanski jezik (Bośniacki) Novi Pazar 65279 (Serbia)
6%
crnogorski jezik (Czarnogórski) Pljevlja 19489
6%
hornjoserbšćina (Górnołużycki) Wojerecy 33825 (Niemcy)
5%
македонски јазик (Macedoński) Prilep 66246
4%
dolnoserbšćina (Dolnołużycki) Pśibrjog 33091 (Niemcy)
4%
Русиньскый язык (Rusiński) Густ 29080 (Ukraina)
3%
crnogorski jezik (Czarnogórski) Herceg Novi 19536
3%
dolnoserbšćina (Dolnołużycki) Grodk 25484 (Niemcy)
2%
Русиньскый язык (Rusiński) Берегово 26735 (Ukraina)
1%
македонски јазик (Macedoński) Veles 43716
1%
dolnoserbšćina (Dolnołużycki) Zły Komorow 27515 (Niemcy)
0%
Nie znaleziono quizów pasujących do podanych kryteriów
Rozkład punktacji
Procent ludzi z każdym wynikiem
Percentyl według liczby udzielonych odpowiedzi
Twoja historia wyników
Nie rozwiązałeś tego quizu